<?xml version="1.0" encoding="UTF-8"?>
<record
    xmlns:xsi="http://www.w3.org/2001/XMLSchema-instance"
    xsi:schemaLocation="http://www.loc.gov/MARC21/slim http://www.loc.gov/standards/marcxml/schema/MARC21slim.xsd"
    xmlns="http://www.loc.gov/MARC21/slim">

  <leader>00811nab a2200253 uc4500</leader>
  <controlfield tag="001">735893</controlfield>
  <controlfield tag="005">20240228085057.0</controlfield>
  <controlfield tag="008">020509s2001                        spa  </controlfield>
  <datafield tag="035" ind1=" " ind2=" ">
    <subfield code="a">735893</subfield>
  </datafield>
  <datafield tag="035" ind1=" " ind2=" ">
    <subfield code="a">(OCoLC)819943672</subfield>
  </datafield>
  <datafield tag="040" ind1=" " ind2=" ">
    <subfield code="c">comduadb</subfield>
  </datafield>
  <datafield tag="041" ind1=" " ind2=" ">
    <subfield code="a">spa</subfield>
  </datafield>
  <datafield tag="100" ind1="1" ind2="0">
    <subfield code="a">Martinez Avila, Salvador</subfield>
    <subfield code="4">aut</subfield>
    <subfield code="e">aut</subfield>
    <subfield code="9">355206</subfield>
  </datafield>
  <datafield tag="245" ind1="1" ind2="0">
    <subfield code="a">Educacion ecologica desde la biblia</subfield>
  </datafield>
  <datafield tag="650" ind1=" " ind2=" ">
    <subfield code="a">Educacion y ecologia</subfield>
    <subfield code="9">22454</subfield>
  </datafield>
  <datafield tag="650" ind1=" " ind2=" ">
    <subfield code="a">Educacion y religion</subfield>
    <subfield code="9">90390</subfield>
  </datafield>
  <datafield tag="650" ind1=" " ind2=" ">
    <subfield code="a">Biblia y ecolog&#xED;a</subfield>
    <subfield code="9">98410</subfield>
  </datafield>
  <datafield tag="650" ind1=" " ind2=" ">
    <subfield code="a">Profetas</subfield>
    <subfield code="9">35254</subfield>
  </datafield>
  <datafield tag="650" ind1=" " ind2=" ">
    <subfield code="a">Relaci&#xF3;n entre humanos y el mundo</subfield>
    <subfield code="9">98411</subfield>
  </datafield>
  <datafield tag="650" ind1=" " ind2=" ">
    <subfield code="a">Salvaci&#xF3;n</subfield>
    <subfield code="9">2253</subfield>
  </datafield>
  <datafield tag="650" ind1=" " ind2="7">
    <subfield code="a">Producci&#xF3;n agropecuaria</subfield>
    <subfield code="2">lemb</subfield>
    <subfield code="9">17087</subfield>
  </datafield>
  <datafield tag="773" ind1="0" ind2=" ">
    <subfield code="t">Educaci&#xF3;n Hoy (Bogot&#xE1;)</subfield>
    <subfield code="g">Vol. 30, No. 148, Oct.-Dic. 2001, p. 13-28</subfield>
    <subfield code="w">577019</subfield>
    <subfield code="x">0120-8446</subfield>
    <subfield code="0">137324</subfield>
  </datafield>
  <datafield tag="942" ind1=" " ind2=" ">
    <subfield code="c">ARIMP</subfield>
  </datafield>
  <datafield tag="999" ind1=" " ind2=" ">
    <subfield code="c">240447</subfield>
    <subfield code="d">240447</subfield>
  </datafield>
</record>
